| 000 | 01011cam a2200289 a 4500 | ||
|---|---|---|---|
| 001 | 17180282 | ||
| 005 | 20201124142229.0 | ||
| 008 | 120224t2013 xxuad erb 001 0 eng d | ||
| 010 | _a2012005833 | ||
| 020 | _a9780470891278 (cloth : v. 10) | ||
| 040 |
_aDLC _cDLC _dDLC _dEG-ScBUE |
||
| 082 | 0 | 0 |
_a150 _222 _bPSY |
| 245 | 0 | 0 |
_aHandbook of psychology / _ceditor-in-chief rving B. Weiner. |
| 250 | _a2nd ed. | ||
| 260 |
_aHoboken, United States : _bJohn Wiley & Sons, Inc., _cc.2013. |
||
| 300 |
_a1 v. : _bchart, tables ; _c29 cm. |
||
| 500 | _aIncludes indexes. | ||
| 504 | _aIncludes bibliographical references. | ||
| 505 | 2 | _aContent : v. 10. Assessment psychology / volume editors, John R. Graham and Jack A. Naglieri . | |
| 590 | _aLibrary contain : Vol 10. | ||
| 653 |
_bPPhrm _cOctober2014 |
||
| 655 |
_vreading book _934232 |
||
| 700 | 1 |
_aWeiner, Irving B. _eeditor. _936339 |
|
| 700 | 1 |
_aGraham, John R. _eeditor. _936340 |
|
| 700 | 1 |
_aNaglieri, Jack A. _eeditor. _936341 |
|
| 942 |
_2ddc _k150 PSY |
||
| 999 |
_c18503 _d18475 |
||